000 02938nam0a2200433 4500
001 RU\NLR\BIBL_A\011739852
005 20250630160322.0
020 _aRU
_b16457
_9Сводный каталог листовок первых лет Советской власти (25 октября (7 ноября) 1917 - 1925) Т.5. Листовки советских, партийных, профсоюзных, комсомольских и других организаций Уральской области, автономных областей и республик РСФСР. Ч.2
035 _a(NLR Aleph) 011739852
090 _a11572648
_c11572648
100 _a20180629d1921 |||y0rusy50 ca
101 0 _arus
102 _aRU
105 _ay z 000zy
135 _acrcn 024apada
200 1 _aПриказ по войсковым частям и учреждениям Свияжского кантонного военного комиссариата № 9: г. Свияжск, 21 янв. 1921 г.: [Об учете военнообязанных, мобилизованных для трудовых целей
_eлистовка
_fСвияжский уезд. (кантон.) комиссариат по военным делам]
210 _aСвияжск
_c[б. и.
_d1921, янв.]
215 _a1 с. в 2 стб.
_d40х37
300 _aПодписи: Свияжский кантонный военный комиссар Новиков; кантвоенрук Григорьев
325 1 _aКопия доступна в Электронной библиотеке РНБ
517 1 _aОб учете военнообязанных, мобилизованных для трудовых целей
607 _aРСФСР
_jЛистовки
_xПолитика и управление
_y1917 - 1925
_92312782
_3RU\NLR\auth\6601609564
686 0 _aТ3(2)71-313,011
702 1 _4720
_7ca
_8rus
_aНовиков
_cвоен. комиссар, г. Свияжск
_9200309
_3RU\NLR\AUTH\770200360
702 1 _4720
_7ca
_8rus
_aГригорьев
_cвоен. руководитель, г. Свияжск
_9200322
_3RU\NLR\AUTH\770200373
710 0 2 _aСвияжский кантонный комиссариат по военным делам
_9638492
_3RU\NLR\AUTH\880489052
852 0 0 _aNLR
_bФЛ
_j34/40
856 0 _uhttps://vivaldi.nlr.ru/ll000011414/view
856 1 _uhttps://vivaldi.nlr.ru/ll000011414/cover
856 2 _uhttps://vivaldi.nlr.ru/ll000011414/text
942 _cBOOK
980 _aNB
981 2 2 _a(22) Материалы по истории России
_b(22) История России с 25 октября (7 ноября) 1917 года
981 2 1 _a(21) Листовки
_b(21) Листовки 1921 года